000 00594nam a2200229Ia 4500
003 OSt
005 20220918220217.0
006 a|||||r|||| 00| 0
007 ta
008 220917b |||||||| |||| 00| 0 eng d
024 _a145,174
037 _cTextual
040 _aARTS
_cARTS
_beng
041 _2eng
_aeng
082 _aY1765, F4(906)
100 _aHarris John H
_9115176
245 0 _aDawn in darkest Africa
_b Popular edn
260 _aNA
_bNA
_c1924
650 _aSOCIOLOGY
942 _hY1765, F4(906)
_cTEXL
_2CC
999 _c267994
_d267994